Eros y Psique
Na minha lista:
| Autor principal: | |
|---|---|
| Formato: | Livro |
| Idioma: | espanhol |
| Publicado em: |
Santiago
Marenostrum
2005
|
| Colecção: | Colección la buena letra
|
| Assuntos: | |
| Tags: |
Adicionar Tag
Sem tags, seja o primeiro a adicionar uma tag!
|
MARC
| LEADER | 00000nam a2200000 a 4500 | ||
|---|---|---|---|
| 001 | UCH6090 | ||
| 003 | CL-VaPUC | ||
| 008 | 091109e20050000CL |||||||||||||||||spa|d | ||
| 020 | |a 956294106X | ||
| 082 | 0 | 4 | |a Ch863 |b SIM |2 21 |
| 100 | 0 | |a Simon, Irène |e author |9 542463 | |
| 245 | 1 | 0 | |a Eros y Psique |
| 300 | |a 55 p | ||
| 942 | |c BK | ||
| 945 | |d 20091109 00:00:00 |a ccalabra | ||
| 260 | |a Santiago |b Marenostrum |c 2005 | ||
| 650 | 0 | |a Literatura |9 259151 | |
| 650 | 0 | |a Literatura chilena |9 308278 | |
| 650 | 0 | |a Literatura infantil |9 307465 | |
| 650 | 0 | |a Cuentos infantiles |9 308044 | |
| 650 | 0 | |a Escritores chilenos |9 420370 | |
| 650 | 0 | |a Ficción |9 376687 | |
| 650 | 0 | |a Mitos y leyendas |9 409902 | |
| 650 | 0 | |a Lectura |9 307634 | |
| 651 | 7 | |a CHILE |2 CL-VaPUC |9 542464 | |
| 583 | |a last modification |c 20091109 00:00:00 |k Rodrigo Vera | ||
| 490 | 0 | |a Colección la buena letra | |
| 999 | |c 337050 |d 337048 | ||